| 000 | 00643nam a2200193Ia 4500 | ||
|---|---|---|---|
| 008 | 090201s9999 xx 000 0 und d | ||
| 010 | _aKPL-72477 | ||
| 020 | _a81-7828-062-0 | ||
| 040 | _bमराठी | ||
| 041 | _aमराठी | ||
| 082 |
_a52749 _b72477 |
||
| 100 | _aनिरंजन घाटे | ||
| 245 |
_aअमेरिकन चित्रपटसृष्टी _cनिरंजन घाटे |
||
| 250 | _a1 | ||
| 260 |
_c2006 _bप्राजक्त प्रकाशन |
||
| 300 |
_a136 _bमध्यम |
||
| 600 | _aअमेरिकन चित्रपटसृष्टी | ||
| 942 | _cBOOK | ||
| 999 |
_c249191 _d249191 |
||